| 000 | 00682cam a22002171 4500 | ||
|---|---|---|---|
| 999 |
_c234098 _d234098 |
||
| 001 | 5955064 | ||
| 003 | Nust | ||
| 005 | 20170313160040.0 | ||
| 008 | 820315s1935 enk 000 1 eng | ||
| 010 | _a 35007388 | ||
| 020 | _a9780141184654 | ||
| 035 | _a(OCoLC)8243439 | ||
| 040 |
_aDLC _cInNd _dDLC |
||
| 050 | 0 | 0 |
_aPZ3.O793 _bCl _aPR6029.R8 |
| 082 |
_a823.912 _bORW |
||
| 100 | 1 |
_aOrwell, George, _d1903-1950. |
|
| 245 | 1 | 2 |
_aA clergyman's daughter, _cby George Orwell. |
| 260 |
_aLondon, _bV. Gollancz, ltd., _c1935. |
||
| 300 |
_a296 p. _c19 cm. |
||
| 650 | 0 |
_aChildren of clergy _vFiction. |
|
| 906 |
_a7 _bcbc _coclcrpl _du _encip _f19 _gy-gencatlg |
||
| 942 |
_2ddc _cBK |
||